LIBRARY & INFORMATION CENTRE, KCAET, TAVANUR

ONLINE PUBLIC ACCESS CATALOGUE (OPAC)

Berkeley`s Handbook of Midwifery / (Record no. 810)

MARC details
000 -LEADER
fixed length control field 00427cam a2200169ua 4500
041 ## - LANGUAGE CODE
Language code of text/sound track or separate title eng
082 ## - DEWEY DECIMAL CLASSIFICATION NUMBER
Classification number 618.2
Item number WAL/HA
100 ## - MAIN ENTRY--AUTHOR NAME
Personal name Walker, Arnold .
245 ## - TITLE STATEMENT
Title Berkeley`s Handbook of Midwifery /
250 ## - EDITION STATEMENT
Edition statement 14 /
260 ## - PUBLICATION, DISTRIBUTION, ETC. (IMPRINT)
Place of publication London :
Name of publisher Cassel and company ltd ,
Year of publication 1953.
300 ## - PHYSICAL DESCRIPTION
Number of Pages 411 ; .
700 1# - ADDED ENTRY--PERSONAL NAME
Personal name Potter, C.T .
942 ## - ADDED ENTRY ELEMENTS (KOHA)
Koha item type Books
Holdings
Withdrawn status Lost status Damaged status Home library Current library Date acquired Full call number Accession Number Koha item type
      KAUAET KAUAET 07/04/2012 618.2 4042 Books
free website counter